<?xml version="1.0" encoding="UTF-8"?>
<record
    xmlns:xsi="http://www.w3.org/2001/XMLSchema-instance"
    xsi:schemaLocation="http://www.loc.gov/MARC21/slim http://www.loc.gov/standards/marcxml/schema/MARC21slim.xsd"
    xmlns="http://www.loc.gov/MARC21/slim">

  <leader>01178nam a2200193Ia 4500</leader>
  <controlfield tag="005">20240924174119.0</controlfield>
  <controlfield tag="008">230718s9999    xx            000 0 und d</controlfield>
  <datafield tag="041" ind1=" " ind2=" ">
    <subfield code="a">eng</subfield>
  </datafield>
  <datafield tag="082" ind1=" " ind2=" ">
    <subfield code="a">620.112'3</subfield>
    <subfield code="b">BEE</subfield>
  </datafield>
  <datafield tag="100" ind1=" " ind2=" ">
    <subfield code="a">Beer F.P.</subfield>
  </datafield>
  <datafield tag="245" ind1=" " ind2=" ">
    <subfield code="a">Mechanics Of Materials In SI Units</subfield>
  </datafield>
  <datafield tag="250" ind1=" " ind2=" ">
    <subfield code="a">3rd ed.</subfield>
  </datafield>
  <datafield tag="260" ind1=" " ind2=" ">
    <subfield code="b">Tata Mc-graw Hill Pub.</subfield>
  </datafield>
  <datafield tag="365" ind1=" " ind2=" ">
    <subfield code="c">Rs.</subfield>
    <subfield code="b">325.00</subfield>
  </datafield>
  <datafield tag="520" ind1=" " ind2=" ">
    <subfield code="a">1) Introduction-Concept ofStress

2) Stress and Strain-AxialLoading

3) Torsion

4) Pure Bending

5) Analysis and Design ofBeams for Bending

6) Shearing Stresses inBeams and Thin-Walled Members

7) Transformations ofStress and Strain

8) Principal StressesUnder a Given Loading

9) Deflection of Beams

10) Columns

11) Energy Methods

Appendices

A - Principal Units Usedin Mechanics

B - Centroids and Momentsof Areas

C - Centroids and Momentsof Inertia of Common Geometric Shapes

D - Typical Properties ofSelected Materials Used in Engineering

E - Properties ofRolled-Steel Shapes

F - Beam Deflections andSlopes

G - Fundamentals ofEngineering Examination</subfield>
  </datafield>
  <datafield tag="700" ind1=" " ind2=" ">
    <subfield code="a">Beer F.P. &amp; Johnson E.R.</subfield>
  </datafield>
  <datafield tag="906" ind1=" " ind2=" ">
    <subfield code="d">B:326524-Jan-2008</subfield>
    <subfield code="c">MECH</subfield>
    <subfield code="b">65</subfield>
  </datafield>
  <datafield tag="942" ind1=" " ind2=" ">
    <subfield code="c">BK</subfield>
  </datafield>
  <datafield tag="999" ind1=" " ind2=" ">
    <subfield code="c">318277</subfield>
    <subfield code="d">318277</subfield>
  </datafield>
  <datafield tag="952" ind1=" " ind2=" ">
    <subfield code="0">0</subfield>
    <subfield code="1">0</subfield>
    <subfield code="4">0</subfield>
    <subfield code="7">0</subfield>
    <subfield code="a">CCEP</subfield>
    <subfield code="b">CCEP</subfield>
    <subfield code="d">2008-01-30</subfield>
    <subfield code="e">Tbs</subfield>
    <subfield code="f">MECH</subfield>
    <subfield code="g">260.00</subfield>
    <subfield code="i">3265</subfield>
    <subfield code="l">12</subfield>
    <subfield code="o">620.112'3</subfield>
    <subfield code="p">CCEP-BK-29484</subfield>
    <subfield code="r">2025-12-02 12:14:01</subfield>
    <subfield code="s">2025-11-07</subfield>
    <subfield code="t">65</subfield>
    <subfield code="v">325.00</subfield>
    <subfield code="w">2008-01-24</subfield>
    <subfield code="y">BK</subfield>
    <subfield code="z">029484</subfield>
  </datafield>
</record>
